Normal view
MARC view
- Bibi Nazia
Entry Personal Name
001 - CONTROL NUMBER
- control field: 4781
003 - CONTROL NUMBER IDENTIFIER
- control field: NUST
005 - DATE AND TIME OF LATEST TRANSACTION
- control field: 20170921160528.0
008 - FIXED-LENGTH DATA ELEMENTS
- fixed length control field: 170921|| aca||aabn | a|a d
040 ## - CATALOGING SOURCE
- Original cataloging agency: NUST
- Transcribing agency: NUST
100 ## - HEADING--PERSONAL NAME
- Personal name: Bibi Nazia
670 ## - SOURCE DATA FOUND
- Source citation: Work cat.: (NUST)331201: Bibi Nazia, Fiscal Deficit and Inflation:Evidence from Pakistan, 2012
